Biological investigations : Form, function, diversity, and process

Sparad:
Bibliografiska uppgifter
Huvudupphovsman: Dolphin, Warren D.
Materialtyp: Bok
Språk:Undetermined
Publicerad: Boston McGraw Hill Higher Education c2005
Ämnen:
Taggar: Lägg till en tagg
Inga taggar, Lägg till första taggen!
Thư viện lưu trữ: Trung tâm Học liệu Trường Đại học Cần Thơ
LEADER 00596nam a2200217Ia 4500
001 CTU_74661
008 210402s9999 xx 000 0 und d
020 |b 442400 
082 |a 570.22 
082 |b D665 
100 |a Dolphin, Warren D. 
245 0 |a Biological investigations : 
245 0 |b Form, function, diversity, and process 
245 0 |c Warren D. Dolphin 
260 |a Boston 
260 |b McGraw Hill Higher Education 
260 |c c2005 
650 |a Biology 
650 |z Handbooks, manuals, etc. 
904 |i Năm 
980 |a Trung tâm Học liệu Trường Đại học Cần Thơ